Statistics for Biggest Cities in Italy (Extreme)

Click here to take the quiz!

General Stats

  • This quiz has been taken 1,010 times
  • The average score is 62 of 146

Answer Stats

PopulationCity% Correct
50,602Rho
98%
1,378,689Milan
97%
959,188Naples
97%
2,856,133Rome
97%
875,698Turin
95%
260,520Venice
94%
378,839Florence
93%
578,000Genoa
92%
663,401Palermo
92%
390,636Bologna
90%
320,862Bari
88%
257,993Verona
85%
311,584Catania
82%
204,267Trieste
80%
154,267Cagliari
79%
88,880Pisa
79%
196,518Parma
77%
232,555Messina
76%
210,912Padua
74%
121,639Bergamo
72%
198,536Brescia
72%
186,307Modena
72%
150,576Rimini
71%
99,377Udine
69%
121,171Syracuse
68%
196,702Taranto
68%
118,288Trento
68%
53,937Siena
67%
82,522Como
65%
157,783Livorno
65%
180,369Reggio di Calabria
65%
101,043Ancona
64%
157,663Ravenna
64%
133,364Salerno
64%
95,269Lecce
63%
165,956Perugia
62%
119,297Pescara
62%
107,739Bozen
61%
132,052Ferrara
61%
93,229La Spezia
60%
123,397Monza
58%
86,812Brindisi
56%
194,590Prato
56%
171,999Reggio nell'Emilia
56%
151,203Foggia
55%
88,824Lucca
54%
103,942Piacenza
54%
126,870Sassari
54%
110,790Vicenza
51%
72,680Cremona
50%
126,746Latina
50%
104,279Novara
50%
93,631Alessandria
49%
69,478L'Aquila
49%
84,999Treviso
49%
89,065Catanzaro
48%
66,769Potenza
47%
99,179Arezzo
46%
67,270Cosenza
46%
76,026Asti
45%
117,798Forlì
45%
110,749Terni
45%
59,200Benevento
44%
64,710Crotone
44%
67,531Trapani
44%
80,559Varese
44%
82,353Grosseto
43%
73,086Pavia
43%
97,210Cesena
42%
60,404Matera
41%
73,373Ragusa
41%
54,598San Remo
41%
75,430Caserta
40%
68,889Massa
40%
90,358Pistoia
40%
94,969Pesaro
39%
67,681Viterbo
39%
69,798Imola
38%
60,442Savona
38%
58,956Agrigento
36%
94,564Barletta
35%
56,144Cuneo
35%
99,671Andria
34%
62,285Carrara
34%
82,640Marsala
34%
60,731Olbia
34%
61,064Caltanissetta
33%
54,027Avellino
32%
80,470Fiumicino
32%
51,367Pordenone
32%
83,628Busto Arsizio
30%
50,646Chieti
30%
71,836Carpi
29%
62,056Viareggio
29%
51,104Rovigo
28%
73,854Gela
27%
54,343Teramo
27%
55,851Trani
27%
123,490Giugliano in Campania
26%
70,598Nicastro
25%
52,716Civitavecchia
24%
80,851Pozzuoli
24%
81,393Sesto San Giovanni
24%
84,672Torre del Greco
24%
60,872Fano
23%
56,472Tivoli
22%
64,443Afragola
21%
74,660Aprilia
21%
64,040Vittoria
21%
70,667Altamura
20%
58,755Faenza
19%
63,426Vigevano
19%
55,101Anzio
18%
65,575Castellammare di Stabia
18%
75,581Cinisello Balsamo
18%
70,531Quartu Sant'Elena
18%
52,608Aversa
17%
56,738Manfredonia
17%
76,791Casoria
16%
54,268Modica
16%
63,792Pomezia
16%
57,059Foligno
15%
59,291Molfetta
15%
52,374Resina
15%
58,813Acerra
14%
54,626Bitonto
14%
54,714Bagheria
13%
58,635Cerignola
13%
89,671Guidonia Montecelio
13%
52,065Acireale
12%
55,251Bisceglie
12%
53,339Gallarate
12%
57,527Moncalieri
12%
51,055Battipaglia
11%
60,481Legnano
11%
51,553Mazara del Vallo
11%
54,045Portici
11%
52,426San Severo
11%
54,258Montesilvano
9%
50,551Scandicci
9%
53,250Velletri
9%
77,128Corigliano-Rossano
8%
60,163Marano di Napoli
7%
50,516Scafati
7%
52,931Cava de' Tirreni
6%
50,037Misterbianco
6%

Score Distribution

Percentile by Number Answered

Percent of People with Each Score

Your Score History

You have not taken this quiz